All skylanders Quiz Stats

 Plays Quiz not verified by Sporcle

Support Sporcle.
Go Orange.
Score 0/32 Timer 07:00
0 Plays Today
% Correct
spyro
91.7%
gill grunt
80.2%
trigger happy
79.1%
slam bam
74.7%
wrecking ball
74.3%
voodood
74.3%
double trouble
73.9%
stealth elf
73.9%
hex
71.9%
eruptor
71.9%
zap
71.5%
stump smash
70.8%
chop chop
70.4%
cynder
70.4%
camo
70.4%
wham shell
70%
% Correct
boomer
69.6%
bash
69.6%
drobot
69.2%
flameslinger
67.6%
terrafin
67.2%
dino rang
67.2%
ghost roaster
66.8%
zook
66%
whirlwind
66%
ignitor
65.6%
sunburn
65.2%
prism break
64.8%
sonic boom
63.2%
warnado
63.2%
lightning rod
62.1%
drill seargent
32.4%

You're not logged in!

Compare scores with friends on all Sporcle quizzes.
OR
Log In

From the Vault

TV Shows Missing 'O' Words

by kfastic

Seeing some TV with a bunch of missing words would also probably make you say "Oh."
Remove Ads.
Support Sporcle.
Get the best of Sporcle when you Go Orange. This ad-free experience offers more features, more stats, and more fun while also helping to support Sporcle. Thank you for becoming a member.

Show Comments

Extras

Created Mar 17, 2012ReportNominate
Tags:Skylanders, Slander

Top Quizzes Today


Score Distribution

Your Account Isn't Verified!

In order to create a playlist on Sporcle, you need to verify the email address you used during registration. Go to your Sporcle Settings to finish the process.

Report this User

Report this user for behavior that violates our Community Guidelines.

Details: